[Event "CAN-chT University U1800"]
[Site "Montreal"]
[Date "2013.01.12"]
[Round "1"]
[White "Vukosavljevic, Sanja"]
[Black "Patel, Dhanesh"]
[Result "0-1"]
[WhiteElo "1230"]
[BlackElo "1526"]
[PlyCount "66"]
[EventDate "2013.01.12"]
[EventType "swiss"]
[EventRounds "5"]
[EventCountry "CAN"]
[SourceTitle "EXT 2014"]
[Source "ChessBase"]
[SourceDate "2013.11.20"]
[SourceVersion "1"]
[SourceVersionDate "2013.11.20"]
[SourceQuality "1"]

1. d4 Nf6 2. Nf3 d5 3. Bf4 Nc6 4. e3 Bg4 5. h3 Bf5 6. g4 Be4 7. Nc3 e6 8. Nb5 Bd6 9. Bg2 a6 10. Nc3 0-0 11. g5 Nh5 12. Ne5 Bxe5 13. dxe5 Bxg2 14. Rg1 Nxf4 15. exf4 Bxh3 16. Qh5 Bf5 17. 0-0-0 d4 18. Ne2 Nb4 19. Nxd4 Qe7 20. Nxf5 exf5 21. Rh1 h6 22. gxh6 g6 23. h7+ Kh8 24. Qe2 f6 25. Qc4 a5 26. Qd4 Rad8 27. exf6 Rxf6 28. Qxf6+ Qxf6 29. Rde1 g5 30. Reg1 gxf4 31. a3 Nd5 32. c4 Nb6 33. c5 Nc4 0-1